000 00491nam a22001932 4500
001 0000004633
005 20170406115959.0
008 141114s xx 000 0 eng d
020 _c$
040 _aYour Holding Symbol
_cYour Holding Symbol
100 1 _aJawrski,Jamie.
245 1 0 _aJava 2 platform.
250 _a ed.
260 _aNew Delhi :
_bMunash,
_c1999.
300 _a1424 p. :
_bill ;
_c cm.
504 _aindex.
650 0 _ajava.
908 _a141114
999 _c4453
_d4453